| 000 | 00992nam a2200229Ia 4500 | ||
|---|---|---|---|
| 001 | 17027 | ||
| 005 | 20260415154847.0 | ||
| 008 | 260306t2013||||xx |||||||||||||| ||und|| | ||
| 041 | _aESP | ||
| 082 |
_a657.42 _bR68 |
||
| 100 |
_aRivero Zanatta, Juan Paulo _eAUT |
||
| 245 | 0 |
_aCostos y presupuestos: _breto de todo los días |
|
| 260 | _c2013 | ||
| 300 |
_a308 páginas : _c24 cm. |
||
| 650 | _aGEN | ||
| 654 | _aCCO | ||
| 856 |
_uhttps://itmsp.museknowledge.com/UCSP?url=https://www.ebooks7-24.com:443/?il=3436&pg=1 _zVéase además: Costos, por Francisco Javier Calleja Bernal. Versión digital |
||
| 856 |
_uhttps://0u213wl83-y-https-ebooks7--24-com.itmsp.museknowledge.com/biblioteca.aspx _zVéase además: Base de datos Ebook7-24 |
||
| 856 |
_uhttps://www.legismovil.pe/LNP.asp _zVéase además: Base de datos LegisMóvil |
||
| 856 |
_uhttps://0u23gwl8i-y-https-contadores360-pe.itmsp.museknowledge.com/ _zVéase además: Base de datos Contadores 360 |
||
| 942 |
_cLIB _dJUS _fJUS _2ddc |
||
| 999 |
_c17027 _d17027 |
||